| 000 | 00636nam a22002057a 4500 | ||
|---|---|---|---|
| 999 |
_c16575 _d16575 |
||
| 003 | AR-CdUCM | ||
| 008 | 190225b ||||| |||| 00| 0 spa d | ||
| 040 |
_aMUNICIPALIDAD PROVINCIAL DEL CUSCO _cBIBLIOTECA MUNICIPAL DEL CUSCO |
||
| 082 |
_a100 / _bJ87 |
||
| 100 |
_aJules Ayer, Alfred. _936087 |
||
| 245 | _aLenguaje, verdad y lógica / | ||
| 260 |
_bEudeba., _c1965. _a Argentina : |
||
| 300 |
_a196 paginas ; _c19 cm. |
||
| 440 |
_aColección ensayos. _914886 |
||
| 505 | _aContenido :Lenguaje, verdad y lógica ... | ||
| 650 |
_aLiteratura. _983 |
||
| 650 |
_aLenguaje. _95227 |
||
| 942 |
_2ddc _cLIBROS |
||
| 945 |
_arum _d2019-05-03 |
||